[Event "Druzynowe Mistrzostwa Polski Juniorow 2019 - II Liga"]
[Site "Szczyrk"]
[Date "1899-12-30"]
[Round "10.4"]
[White "Grot, Blazej"]
[Black "Wiszniewski, Szymon"]
[Result "0-1"]
[WhiteTitle "CM"]
[BlackTitle "II+"]
[WhiteElo "1611"]
[BlackElo "1473"]

1. e4 c5 2. Nf3 d6 3. d4 cxd4 4. Nxd4 Nf6 5. Nc3 a6 6. f3 e5 7. Nb3 Be7 8. Be3
O-O 9. Qd2 Be6 10. O-O-O Qc7 11. g4 Rc8 12. g5 Nh5 13. Nd5 Bxd5 14. exd5 Nd7 15.
Bh3 a5 16. Kb1 a4 17. Nc1 a3 18. b3 Nf4 19. Bxd7 Qxd7 20. Nd3 Nxd5 21. Nxe5 Qc7
22. Nc4 Nxe3 23. Qxe3 b5 24. Rhe1 Bf8 25. Rd4 bxc4 26. Rxc4 Qa5 27. Ra4 Qc5 28.
Qxc5 dxc5 29. Rc4 Rd8 30. Rf1 Rd2 31. h3 Rad8 32. Kc1 Rh2 33. Ra4 Rdd2 34. Rc4
Rd4 35. Ra4 Rxa4 36. bxa4 Rxh3 37. a5 c4 38. Rd1 Rxf3 39. a6 Rf5 40. a7 Ra5 41.
Rd7 g6 42. Rc7 Kg7 43. Kd2 Bd6 44. Rb7 Bc5 45. Rb5 Rxa7 46. Rxc5 Ra4 47. Kc3 h5
48. gxh6+ Kxh6 49. Rxc4 Rxc4+ 50. Kxc4 g5 51. Kd5 g4 52. Ke4 f5+ 53. Kf4 Kg6 54.
c4 Kf6 55. c5 Ke6 56. c6 Kd6 57. Kxf5 g3 58. c7 Kxc7 59. Ke4 g2 60. Kd3 g1=Q 0-1

[Event "Druzynowe Mistrzostwa Polski Juniorow 2019 - II Liga"]
[Site "Szczyrk"]
[Date "1899-12-30"]
[Round "10.5"]
[White "Surpeta, Julia"]
[Black "Krzyzosiak, Marta"]
[Result "1/2-1/2"]
[WhiteTitle "I++"]
[BlackTitle "I++"]
[WhiteElo "1564"]
[BlackElo "1631"]

1. d4 Nf6 2. c4 g6 3. Nc3 Bg7 4. e4 d6 5. Nf3 O-O 6. Be2 e5 7. O-O Nc6 8. d5 Ne7
9. Ne1 Ne8 10. Be3 f5 11. f3 f4 12. Bf2 g5 13. c5 Rf7 14. Nd3 Bf8 15. cxd6 cxd6
16. a4 h5 17. Nb5 a6 18. Na7 Bd7 19. Qb3 Qb8 20. Qb6 g4 21. b4 Rg7 22. b5 h4 23.
fxg4 Bxg4 24. Bxg4 Rxg4 25. h3 Rg7 26. bxa6 Nc8 27. Nxc8 Qxc8 28. Kh2 Rxa6 29.
Qb3 Qd8 30. Rg1 Qg5 31. Rac1 Nf6 32. Rc4 Qg6 33. Bxh4 Nxe4 34. Rc2 Ng3 35. Rf2
Nf5 36. Nxf4 exf4 37. Rxf4 Nxh4 38. Rxh4 Qf6 39. g3 Qe5 40. Rf4 Be7 1/2-1/2

[Event "Druzynowe Mistrzostwa Polski Juniorow 2019 - II Liga"]
[Site "Szczyrk"]
[Date "1899-12-30"]
[Round "10.6"]
[White "Jedrzejko, Martyna"]
[Black "Bar, Klaudia"]
[Result "1-0"]
[WhiteTitle "I"]
[BlackTitle "I"]
[WhiteElo "1472"]
[BlackElo "1512"]

1. e4 d5 2. exd5 Qxd5 3. Nc3 Qd6 4. d4 Nf6 5. Nf3 a6 6. g3 Nc6 7. Bg2 Bg4 8. O-O
O-O-O 9. d5 Nb4 10. Bf4 Qc5 11. Be3 Qa5 12. a3 Nbxd5 13. b4 Nxe3 14. Qc1 Qb6 15.
fxe3 g6 16. Ng5 Be6 17. Na4 Qd6 18. Nc5 Bc4 19. Bxb7+ Kb8 20. Rd1 Qxd1+ 21. Qxd1
Rxd1+ 22. Rxd1 Bh6 23. h4 Ka7 24. Rd4 Ba2 25. Bxa6 e5 26. Rd1 Nd5 27. e4 Nb6 28.
Kf2 Bf8 29. Be2 f6 30. Nge6 Bd6 31. Ra1 Bxe6 32. Nxe6 Na4 33. Ke3 Re8 34. Bb5
Rxe6 35. Bxa4 c5 36. c3 f5 37. Rd1 f4+ 38. gxf4 exf4+ 39. Kf3 Kb6 40. Bb3 Rf6
41. Rd5 Bf8 42. e5 Rc6 43. Ba4 Rc8 44. Kxf4 cxb4 45. cxb4 Ra8 46. Bd1 Rxa3 47.
b5 Ra5 48. Be2 Bh6+ 49. Kg3 Ra3+ 50. Kg2 Re3 51. Kf2 Re4 52. h5 Bf8 53. hxg6 hxg6
54. Kf3 Rb4 55. e6 Rb3+ 56. Kf2 Bc5+ 57. Rxc5 Ra3 58. Re5 Ra8 59. e7 Re8 60. Bc4
1-0

[Event "Druzynowe Mistrzostwa Polski Juniorow 2019 - II Liga"]
[Site "Szczyrk"]
[Date "1899-12-30"]
[Round "10.7"]
[White "Pniaczek, Marek"]
[Black "Krawczyk, Wojciech"]
[Result "1-0"]
[WhiteTitle "CM"]
[BlackTitle "I"]
[WhiteElo "2276"]
[BlackElo "1780"]

1. e4 c6 2. Nc3 d5 3. Nf3 Bg4 4. h3 Bxf3 5. Qxf3 e6 6. g3 Nd7 7. d3 Qf6 8. Qe2
Bb4 9. Bd2 d4 10. Nb1 Bxd2+ 11. Nxd2 e5 12. Bg2 Qe6 13. O-O f6 14. f4 Ne7 15.
a4 b6 16. Nc4 c5 17. Kh2 Nc8 18. Bf3 Nd6 19. Bg4 Qe7 20. Nxd6+ Qxd6 21. Bxd7+
Kxd7 22. Qg4+ Kc6 23. Qxg7 Rag8 24. Qxa7 exf4 25. Rxf4 Rxg3 26. Kxg3 Rg8+ 27.
Kf3 Qe5 28. Qf7 1-0

[Event "Druzynowe Mistrzostwa Polski Juniorow 2019 - II Liga"]
[Site "Szczyrk"]
[Date "1899-12-30"]
[Round "10.8"]
[White "Wrona, Florian"]
[Black "Musial, Tomasz"]
[Result "0-1"]
[WhiteTitle "I"]
[BlackTitle "k"]
[WhiteElo "1567"]
[BlackElo "1856"]

1. e4 e6 2. d4 d5 3. exd5 exd5 4. Nf3 Nc6 5. c3 Bd6 6. Bd3 Nge7 7. O-O Bf5 8. Re1
O-O 9. Bg5 f6 10. Bh4 Qd7 11. Bg3 Bxd3 12. Qxd3 Nf5 13. Bxd6 Nxd6 14. Nbd2 Rae8
15. h3 Ne7 16. Re2 Ng6 17. Rxe8 Rxe8 18. Nf1 Nf4 19. Qd2 Qf5 20. Ng3 Nxh3+ 21.
Kf1 Qf4 22. Re1 Qxd2 23. Rxe8+ Nxe8 24. Nxd2 Nf4 25. b4 Nd6 26. a4 h5 27. Ne2
Nd3 28. g3 g5 29. Kg2 Kf7 30. f3 Ke6 31. g4 h4 32. a5 Kd7 33. Kh3 Kc6 34. Nb3
b6 35. axb6 cxb6 36. Nd2 a5 37. Nb1 axb4 38. cxb4 Nxb4 0-1

[Event "Druzynowe Mistrzostwa Polski Juniorow 2019 - II Liga"]
[Site "Szczyrk"]
[Date "1899-12-30"]
[Round "10.9"]
[White "Kutowski, Marcel"]
[Black "Knapik, Kamil"]
[Result "1-0"]
[WhiteTitle "I"]
[BlackTitle "II+"]
[WhiteElo "1659"]
[BlackElo "1583"]

1. e4 c5 2. Nf3 d6 3. d4 cxd4 4. Qxd4 Nc6 5. Bb5 e5 6. Qd3 Be6 7. c4 a6 8. Bxc6+
bxc6 9. Nc3 f6 10. Be3 c5 11. Rd1 Rb8 12. b3 Qc8 13. Nd5 Ne7 14. Nxe7 Bxe7 15.
Nh4 g6 16. Nf3 O-O 17. O-O Qb7 18. Nd2 f5 19. f4 fxe4 20. Qxe4 Bf5 21. Qxb7 Rxb7
22. fxe5 dxe5 23. Nb1 Bxb1 24. Rxf8+ Kxf8 25. Rxb1 Kf7 26. Rd1 Ke6 27. Kf2 Rd7
28. Rxd7 Kxd7 29. Kf3 Ke6 30. Ke4 h5 31. h3 Bd6 32. a3 a5 33. Bd2 Bc7 34. Bc3
h4 35. Bd2 Bd8 36. Be1 Kd6 37. Bc3 Ke6 38. Bxe5 g5 39. Bc3 Bc7 40. Bd2 Bd8 41.
Be3 Be7 42. a4 Bf6 43. Bxc5 Bc3 44. Bb6 Bd2 45. Be3 Bxe3 46. Kxe3 Ke5 47. Kf3
Kd4 48. Kg4 Kc5 49. Kxg5 Kb4 50. Kxh4 Kxb3 51. c5 Kxa4 52. c6 Kb3 53. c7 a4 54.
c8=Q a3 55. Qb7+ Ka2 56. Qa6 Kb2 57. Qxa3+ Kxa3 58. g4 Kb4 59. Kg5 Kc5 60. Kf6
Kd6 61. g5 Kd7 62. g6 Kd6 63. g7 Kd7 64. g8=Q Kc7 65. Qd5 Kb8 66. Qc6 Ka7 67.
Qb5 Ka8 68. Ke6 Ka7 69. Kd7 Ka8 70. Kc7 Ka7 71. Qa4# 1-0

[Event "Druzynowe Mistrzostwa Polski Juniorow 2019 - II Liga"]
[Site "Szczyrk"]
[Date "1899-12-30"]
[Round "10.10"]
[White "Szlosarczyk, Hubert"]
[Black "Wilk, Igor"]
[Result "1/2-1/2"]
[WhiteTitle "I"]
[BlackTitle "I"]
[WhiteElo "1549"]
[BlackElo "1689"]

1. d4 Nf6 2. c4 e6 3. Nc3 Bb4 4. Bg5 c5 5. Bxf6 Qxf6 6. e3 b6 7. Qf3 Qxf3 8. Nxf3
Bxc3+ 9. bxc3 d6 10. Be2 Bb7 11. O-O Nd7 12. Rfd1 O-O-O 13. Ng5 Rdf8 14. d5 e5
15. Ne4 Kc7 16. a4 a5 17. Nd2 f5 18. f3 g5 19. e4 f4 20. Kf2 Ba6 21. h4 Rhg8 22.
Rh1 h5 23. hxg5 Rxg5 24. Rh2 Nf6 25. Nb1 Rfg8 26. Na3 Rg3 27. Rah1 R8g6 28. Bf1
Rh6 29. Nb5+ Bxb5 30. cxb5 Kd7 31. c4 Ke7 32. Rh3 Rhg6 33. Rxg3 fxg3+ 34. Ke3
Kf7 35. Be2 Rh6 1/2-1/2

[Event "Druzynowe Mistrzostwa Polski Juniorow 2019 - II Liga"]
[Site "Szczyrk"]
[Date "1899-12-30"]
[Round "10.11"]
[White "Pyzio, Amelia"]
[Black "Czarnecka, Lidia"]
[Result "1/2-1/2"]
[WhiteTitle "I++"]
[BlackTitle "I++"]
[WhiteElo "1616"]
[BlackElo "1731"]

1. e4 c5 2. Nf3 e6 3. d4 cxd4 4. Nxd4 Nf6 5. Nc3 d6 6. g4 h6 7. h4 Be7 8. Rg1 Nfd7
9. g5 hxg5 10. hxg5 g6 11. Be3 Nc6 12. Qd2 a6 13. O-O-O Qc7 14. Be2 Na5 15. Nb3
Nxb3+ 16. axb3 b5 17. Rh1 Rf8 18. Bf4 b4 19. Na4 e5 20. Be3 Qa5 21. Kb1 Rb8 22.
f3 Bb7 23. Ka2 Bc6 24. Ra1 Qc7 25. Rh2 a5 26. Rah1 Rc8 27. Ba6 Ra8 28. Bd3 Qb7
29. Rh8 d5 30. Qg2 dxe4 1/2-1/2

[Event "Druzynowe Mistrzostwa Polski Juniorow 2019 - II Liga"]
[Site "Szczyrk"]
[Date "1899-12-30"]
[Round "10.12"]
[White "Slusarczyk, Anna"]
[Black "Straczek, Wiktoria"]
[Result "1-0"]
[WhiteTitle "I"]
[BlackTitle "I"]
[WhiteElo "1328"]
[BlackElo "1316"]

1. d4 Nf6 2. c4 e6 3. Nf3 d5 4. Nc3 Be7 5. Bg5 O-O 6. e3 c6 7. Bd3 Nbd7 8. O-O
h6 9. Bh4 dxc4 10. Bxc4 b6 11. Rc1 Bb7 12. e4 Rc8 13. Re1 Ne8 14. Bxe7 Qxe7 15.
Bb3 Nc7 16. d5 Qf6 17. dxe6 fxe6 18. Qxd7 Rfd8 19. e5 Qg6 20. Qe7 c5 21. Nh4 Qg4
22. h3 Qf4 23. Bxe6+ Nxe6 24. Qxe6+ Kh7 25. Qf5+ Qxf5 26. Nxf5 Rc7 27. Nb5 Rcd7
28. e6 Rd5 29. e7 Rg8 30. e8=Q Rxe8 31. Rxe8 Rxf5 32. Nd6 Bc6 33. Rc8 Bd7 34.
Rc7 Be6 35. Nxf5 Bxf5 36. Re1 a6 37. Ree7 Kg6 38. Rxg7+ Kf6 39. Rgf7+ Ke6 40.
Rxf5 Kxf5 41. Rc6 1-0

[Event "Druzynowe Mistrzostwa Polski Juniorow 2019 - II Liga"]
[Site "Szczyrk"]
[Date "1899-12-30"]
[Round "10.13"]
[White "Luczak, Filip"]
[Black "Burdzicki, Jan"]
[Result "1/2-1/2"]
[WhiteTitle "CM"]
[BlackTitle "II+"]
[WhiteElo "2144"]
[BlackElo "1717"]

1. e4 e6 2. d4 d5 3. Nc3 dxe4 4. Nxe4 Nd7 5. Nf3 Ngf6 6. Nxf6+ Nxf6 7. Bg5 Be7
8. Bd3 O-O 9. Qe2 c5 10. c3 Qc7 11. O-O Nd5 12. Bxe7 Qxe7 13. Qe4 Nf6 14. Qh4
h6 15. Rfe1 b6 16. dxc5 Qxc5 17. Qd4 Qc7 18. Qe5 Qxe5 19. Nxe5 Rd8 20. Rad1 Bb7
21. f3 Kf8 22. Kf2 Nd7 23. Nxd7+ Rxd7 24. Bb5 Rxd1 25. Rxd1 a6 26. Be2 Ke7 27.
f4 Rc8 28. Bf3 Bxf3 29. Kxf3 b5 30. Rd4 f6 31. a4 Rc5 32. axb5 Rxb5 33. b4 a5
34. Ke4 axb4 35. cxb4 g5 36. g3 gxf4 37. gxf4 e5 38. Rc4 exf4 39. Kxf4 Rh5 40.
Kg3 Rb5 41. h4 h5 42. Kf4 Ke6 43. Re4+ Kd6 44. Rd4+ Ke6 45. Ke4 Rb6 46. Rc4 Rb5
47. Kd4 f5 48. Ke3 Kd5 49. Rf4 Ke5 50. Rd4 Rb8 51. Rc4 Kd5 52. Rc5+ Kd6 53. Rc4
Kd5 54. Kd3 Ke5 1/2-1/2

[Event "Druzynowe Mistrzostwa Polski Juniorow 2019 - II Liga"]
[Site "Szczyrk"]
[Date "1899-12-30"]
[Round "10.14"]
[White "Burdzicki, Stanislaw"]
[Black "Majewski, Krzysztof"]
[Result "1/2-1/2"]
[WhiteTitle "I"]
[BlackTitle "I"]
[WhiteElo "1660"]
[BlackElo "1719"]

1. d4 Nf6 2. c4 c5 3. d5 b5 4. cxb5 a6 5. bxa6 g6 6. Nc3 Bg7 7. e4 O-O 8. Nf3 Qa5
9. Bd2 Bxa6 10. Bxa6 Qxa6 11. Qe2 Qb7 12. Rb1 d6 13. O-O Na6 14. Rfd1 Nd7 15.
Bf4 f6 16. h4 Nc7 17. a3 Rfb8 18. Qd3 Nb5 19. Bd2 Nxc3 20. Bxc3 Qb5 21. Qxb5 Rxb5
22. Nd2 Nb6 23. Rbc1 Bh6 24. Rc2 Bxd2 25. Rdxd2 Rb3 26. Re2 Na4 27. f3 Rab8 28.
Kf2 Nxc3 29. bxc3 Rxa3 30. Re1 Rab3 31. Rec1 Rb2 32. Kg3 Rxc2 33. Rxc2 Rb3 34.
h5 Kf7 35. hxg6+ hxg6 36. Kf4 e6 37. dxe6+ Kxe6 38. Ke3 Ra3 39. Ke2 Ke5 40. Ke3
Rb3 41. g3 Ra3 42. Ke2 f5 43. exf5 gxf5 44. Kd3 d5 1/2-1/2

[Event "Druzynowe Mistrzostwa Polski Juniorow 2019 - II Liga"]
[Site "Szczyrk"]
[Date "1899-12-30"]
[Round "10.15"]
[White "Grzesik, Gracjan"]
[Black "Kaliszuk, Kamil"]
[Result "1-0"]
[WhiteTitle "I++"]
[BlackTitle "I"]
[WhiteElo "1974"]
[BlackElo "1834"]

1. Nf3 Nf6 2. g3 g6 3. Bg2 Bg7 4. c4 O-O 5. O-O d6 6. Nc3 Nc6 7. d4 Bg4 8. h3 Bxf3
9. Bxf3 Nd7 10. e3 e5 11. d5 Ne7 12. e4 f5 13. Bg2 h6 14. f4 exf4 15. Bxf4 g5
16. Be3 Be5 17. Ne2 Nc5 18. Bd4 a5 19. Qd2 Qe8 20. Rae1 Qg6 21. Qe3 Nd7 22. b3
Rae8 23. Bxe5 dxe5 24. exf5 Nxf5 25. Qc3 Qb6+ 26. Kh1 Ne3 27. Rxf8+ Rxf8 28. Ng1
Nxg2 29. Kxg2 Rf2+ 30. Kh1 Rxa2 31. Rf1 Qg6 32. Qf3 e4 33. Qg4 Nf8 34. Qc8 Qd6
35. Qf5 Qe7 36. Re1 Qh7 37. Qe5 Qg7 38. Qxe4 Qf7 39. Qe3 Qf2 40. Qxf2 Rxf2 41.
Re7 Rf7 42. Re8 Kg7 43. Kg2 Nd7 44. Nf3 Rf8 45. Re7+ Rf7 46. Re3 Nb6 47. Rd3 Re7
48. Nd4 a4 49. Nf5+ Kf6 50. Nxe7 Kxe7 51. c5 Nd7 52. Re3+ Kf7 53. c6 bxc6 54.
dxc6 Nb8 55. bxa4 1-0

[Event "Druzynowe Mistrzostwa Polski Juniorow 2019 - II Liga"]
[Site "Szczyrk"]
[Date "1899-12-30"]
[Round "10.16"]
[White "Binek, Dawid"]
[Black "Bochniak, Franciszek"]
[Result "1-0"]
[WhiteTitle "II"]
[BlackTitle "II+"]
[WhiteElo "1322"]
[BlackElo "1194"]

1. e4 c5 2. Nf3 d6 3. d4 cxd4 4. Qxd4 Nf6 5. Be2 a6 6. h3 e5 7. Qe3 Be7 8. c4 h6
9. O-O Be6 10. b3 Nbd7 11. Rd1 O-O 12. Nbd2 Qc7 13. Nf1 Qc5 14. Qd3 Qc7 15. Ng3
Nc5 16. Qc2 Qc6 17. Bd3 Rac8 18. Be3 Nfd7 19. Rac1 b6 20. Qd2 Kh7 21. Qc2 Qb7
22. Nd2 Kg8 23. Be2 b5 24. Qb1 b4 25. Ndf1 a5 26. Bg4 Bxg4 27. hxg4 Nf6 28. f3
Rfd8 29. Nf5 Bf8 30. Bxc5 dxc5 31. N1e3 g6 32. Ng3 Rd4 33. Nd5 Ne8 34. Ne2 Rxd1+
35. Rxd1 Rc6 36. Kf2 Ng7 37. Qb2 Re6 38. Ng3 Ne8 39. Ne2 Bg7 40. Qc2 Qc8 41. Ng3
Qb8 42. Qe2 Kh7 43. Qe3 Qa7 44. Ne2 Rd6 45. Nc1 Nc7 46. Nd3 Ne6 47. g3 g5 48.
Rh1 Kg8 49. Kg2 Nd4 50. f4 f6 51. fxe5 fxe5 52. Rf1 a4 53. bxa4 Qxa4 1-0

[Event "Druzynowe Mistrzostwa Polski Juniorow 2019 - II Liga"]
[Site "Szczyrk"]
[Date "1899-12-30"]
[Round "10.17"]
[White "Bienko, Jagoda"]
[Black "Orlik, Sandra"]
[Result "0-1"]
[WhiteTitle "I"]
[BlackTitle "I++"]
[WhiteElo "1415"]
[BlackElo "1805"]

1. d4 d5 2. Nf3 Nf6 3. g3 Bf5 4. Bg2 e6 5. O-O Bd6 6. b3 h6 7. c4 c6 8. Nc3 Nbd7
9. Bb2 O-O 10. Nd2 Qe7 11. e4 dxe4 12. Ndxe4 Ba3 13. Bxa3 Qxa3 14. Qe2 Nxe4 15.
Bxe4 Bxe4 16. Qxe4 Nf6 17. Qe5 Rfd8 18. Rfd1 Qb2 19. Ne4 Nxe4 20. Qxe4 Rd7 21.
Qe3 Rad8 22. d5 exd5 23. Qxa7 dxc4 24. Rdb1 c3 25. Qc5 Qd2 26. Rc1 Rd3 27. Kg2
R8d5 28. Qc4 Rf5 29. Rf1 c2 30. Rac1 Rc3 31. Qb4 Rxg3+ 32. hxg3 Qxb4 33. Rxc2
Qe4+ 34. Kg1 Qxc2 35. Kg2 Qe4+ 36. Kg1 Qf3 37. a4 Rh5 0-1

[Event "Druzynowe Mistrzostwa Polski Juniorow 2019 - II Liga"]
[Site "Szczyrk"]
[Date "1899-12-30"]
[Round "10.18"]
[White "Bienek, Magdalena"]
[Black "Grzesik, Nikola"]
[Result "0-1"]
[WhiteTitle "II"]
[BlackTitle "I"]
[WhiteElo "1104"]
[BlackElo "1338"]

1. c4 c5 2. Nc3 e6 3. g3 a6 4. Bg2 Nf6 5. e3 Nc6 6. Nge2 Qc7 7. b3 Nb4 8. d4 Qa5
9. O-O cxd4 10. Nxd4 Nc6 11. Bb2 Ba3 12. Bxa3 Qxa3 13. Ne4 Nxe4 14. Bxe4 O-O 15.
h4 f5 16. Bc2 Ne5 17. Kg2 b6 18. Nf3 Bb7 19. e4 Nxf3 20. Kxf3 fxe4+ 21. Kg2 d5
22. Qd4 Qc5 23. Qxc5 bxc5 24. cxd5 exd5 25. Rfe1 Rf6 26. Rad1 Bc6 27. Rd2 Rf3
28. Bd1 Rc3 29. Re3 Rxe3 30. fxe3 d4 31. Rc2 dxe3 32. Rxc5 Bb5 33. Rc1 e2 34.
Bc2 Bd3 35. Bxd3 exd3 36. Kf2 d2 37. Rc2 e1=Q+ 0-1

[Event "Druzynowe Mistrzostwa Polski Juniorow 2019 - II Liga"]
[Site "Szczyrk"]
[Date "1899-12-30"]
[Round "10.19"]
[White "Mazurek, Bartosz"]
[Black "Grochol, Kamil"]
[Result "1-0"]
[WhiteTitle "I"]
[BlackTitle "I"]
[WhiteElo "1857"]
[BlackElo "1714"]

1. d4 f5 2. g3 Nf6 3. Bg2 g6 4. Nf3 Bg7 5. O-O O-O 6. b3 d6 7. Bb2 Nc6 8. d5 Na5
9. c4 e5 10. dxe6 Bxe6 11. Ng5 Bf7 12. Nc3 Nc6 13. Nxf7 Rxf7 14. Nd5 Kh8 15. Nxf6
Bxf6 16. Bxf6+ Qxf6 17. Bxc6 bxc6 18. e3 Rb8 19. Re1 Re7 20. Qd2 Qe5 21. Rab1
a5 22. Kf1 Kg8 23. Qd4 Qe4 24. Qa7 Rbe8 25. Kg1 h5 26. Rbd1 c5 27. Qxa5 h4 28.
Qd2 c6 29. Qe2 h3 30. Qf1 Re6 31. Qxh3 Qc2 32. Qg2 Qxa2 33. Qxc6 Qxb3 34. Rxd6
Qxc4 35. Red1 Kf7 36. Rxe6 Rxe6 37. Qb7+ Kf6 38. Qh7 Qe4 39. h4 c4 40. Qh8+ Ke7
41. Rd8 Rb6 42. Re8+ Kd6 1-0

[Event "Druzynowe Mistrzostwa Polski Juniorow 2019 - II Liga"]
[Site "Szczyrk"]
[Date "1899-12-30"]
[Round "10.20"]
[White "Oles, Martin"]
[Black "Kebel, Bartosz"]
[Result "0-1"]
[WhiteTitle "I"]
[BlackTitle "II"]
[WhiteElo "1682"]
[BlackElo "1463"]

1. e4 c5 2. Nc3 Nc6 3. Nge2 g6 4. Ng3 Bg7 5. Bc4 e6 6. d3 Nge7 7. O-O a6 8. a4
O-O 9. f4 d5 10. Bb3 Nd4 11. Kh1 Rb8 12. Nce2 Nec6 13. Ba2 b5 14. Nxd4 Nxd4 15.
c3 Nc6 16. f5 c4 17. dxc4 bxc4 18. exd5 exd5 19. Rb1 Ne5 20. b3 Nd3 21. bxc4 Rxb1
22. Bxb1 dxc4 23. Bxd3 Qxd3 24. Qxd3 cxd3 25. f6 Bh8 26. Ne4 Rd8 27. Bd2 Bf5 28.
Ng3 Bd7 29. a5 Bc6 30. h4 Rd6 31. Bg5 h6 32. Bxh6 Bxf6 33. Bd2 Bxh4 34. Kh2 Re6
35. Rf2 Rf6 36. Rxf6 Bxf6 37. Nf1 Bb5 38. Ne3 Bg5 39. Kg3 f5 40. Kf2 Kf7 41. g3
Ke6 42. Kf3 Bc6+ 43. Kf2 Bb5 44. Kf3 Bd8 45. c4 Bc6+ 46. Kf2 Be7 47. Bc3 Bc5 48.
Bd2 Ke5 49. Ke1 Ke4 50. Ng2 Bd6 51. Kf2 Bd7 52. Nh4 Be8 53. Ng2 Bf7 54. Nh4 Kd4
55. Nf3+ Kxc4 56. Ke3 Bxg3 57. Ne1 f4+ 58. Ke4 Bd5+ 0-1

[Event "Druzynowe Mistrzostwa Polski Juniorow 2019 - II Liga"]
[Site "Szczyrk"]
[Date "1899-12-30"]
[Round "10.21"]
[White "Sleczka, Krzysztof"]
[Black "Jendrowiak, Maciej"]
[Result "1-0"]
[WhiteTitle "II"]
[BlackTitle "II"]
[WhiteElo "1191"]
[BlackElo "1507"]

1. e4 c6 2. Nc3 d5 3. Nf3 Bg4 4. h3 Bh5 5. g4 Bg6 6. exd5 cxd5 7. Bb5+ Nc6 8. Ne5
Qd6 9. Nxg6 hxg6 10. d4 Nf6 11. Be3 Qe6 12. Qf3 O-O-O 13. O-O-O Ne4 14. Bf4 Qf6
15. Nxe4 dxe4 16. Qxe4 Rxd4 17. Rxd4 Nxd4 18. Be5 Qb6 19. Qxd4 Qxd4 20. Bxd4 a6
21. Bc4 f6 22. f4 Kc7 23. Bf7 Kd6 24. Rd1 Rxh3 25. Bxf6+ Kc6 26. Bg5 Kc7 27. Bxg6
e6 28. Bf7 Bc5 29. Bxe6 Be3+ 30. Kb1 Rf3 31. Bd8+ Kb8 32. f5 Bf4 33. Bb6 Bd2 34.
Rh1 1-0

[Event "Druzynowe Mistrzostwa Polski Juniorow 2019 - II Liga"]
[Site "Szczyrk"]
[Date "1899-12-30"]
[Round "10.22"]
[White "Smuda, Tomasz"]
[Black "Uhryn, Mateusz"]
[Result "0-1"]
[WhiteTitle "II"]
[BlackTitle "II"]
[WhiteElo "1297"]
[BlackElo "1321"]

1. e4 c5 2. c4 Nc6 3. Nc3 g6 4. g3 Bg7 5. Bg2 e5 6. Nge2 Nge7 7. O-O O-O 8. d3
d6 9. h3 Be6 10. f4 Qd7 11. Kh2 f5 12. exf5 Nxf5 13. Nd5 Nfd4 14. Be3 Rf7 15.
Rb1 Raf8 16. a3 Nxe2 17. Qxe2 Nd4 18. Qd2 Nf5 19. Rf2 Nxe3 20. Qxe3 Kh8 21. Rbf1
Bh6 22. Nc3 exf4 23. gxf4 Bg7 24. Qd2 Bf5 25. Ne2 Re7 26. Ng3 Rfe8 27. Nxf5 gxf5
28. Bf3 Bd4 29. Rg2 Rg7 30. Bd5 Qe7 31. b4 Qf6 32. b5 Bc3 33. Qf2 Bd4 34. Qd2
b6 35. Re1 Rge7 36. a4 h6 37. Ree2 Be3 38. Qe1 Bxf4+ 39. Kh1 Bg5 40. Rxe7 Rxe7
41. Qf1 Re3 42. Bf3 Qc3 43. Be2 Rxh3+ 44. Rh2 Rxh2+ 45. Kxh2 Qe5+ 46. Kg2 Bh4
47. Qf3 Bg5 48. Qa8+ Kg7 49. Qxa7+ Kg6 50. Bf3 Bh4 51. Bh5+ Kxh5 52. Qf7+ Kg4
53. Qd5 Qg3+ 54. Kh1 Qe1+ 55. Kh2 Bg3+ 56. Kg2 Qf2+ 0-1

[Event "Druzynowe Mistrzostwa Polski Juniorow 2019 - II Liga"]
[Site "Szczyrk"]
[Date "1899-12-30"]
[Round "10.23"]
[White "Skiba, Aleksandra"]
[Black "Kroliczek, Gabriela"]
[Result "0-1"]
[WhiteTitle "I++"]
[BlackTitle "I++"]
[WhiteElo "1795"]
[BlackElo "1664"]

1. d4 Nf6 2. c4 c5 3. d5 d6 4. Nc3 g6 5. e4 Bg7 6. Nf3 O-O 7. Bd3 Na6 8. O-O Nc7
9. h3 e6 10. Bf4 e5 11. Be3 h6 12. a3 Nfe8 13. b4 b6 14. bxc5 bxc5 15. Rb1 f5
16. Rb3 f4 17. Bd2 g5 18. Nh2 Nf6 19. Nb5 Nce8 20. f3 Bd7 21. Qe2 h5 22. Rfb1
Qc8 23. Qd1 g4 24. hxg4 hxg4 25. Nxg4 Nxg4 26. fxg4 a6 27. Nc3 Bxg4 28. Be2 f3
29. Bxf3 Bxf3 30. gxf3 Qh3 31. Ne2 Rxf3 32. Rxf3 Qxf3 33. Qf1 Qxe4 34. Rb7 Qg4+
35. Qg2 Qxg2+ 36. Kxg2 Kh7 37. Ng3 Kg6 38. Rb6 a5 39. Ne4 Bf8 40. Nxc5 Kf5 41.
Ne6 Be7 42. Rb7 Bf6 43. Kf3 Rc8 44. Bxa5 Rxc4 45. Bb4 e4+ 46. Ke3 Ke5 47. Rb5
Nc7 48. Nxc7 Rxc7 49. a4 Bg5+ 50. Ke2 Rc2+ 51. Kd1 Ra2 52. a5 e3 53. Bc3+ Ke4
54. Rb2 Rxb2 55. Bxb2 Kd3 56. Bc3 e2+ 0-1

[Event "Druzynowe Mistrzostwa Polski Juniorow 2019 - II Liga"]
[Site "Szczyrk"]
[Date "1899-12-30"]
[Round "10.24"]
[White "Seemann, Pola"]
[Black "Luniewska, Daria"]
[Result "1-0"]
[WhiteTitle "I"]
[BlackTitle "II+"]
[WhiteElo "1343"]
[BlackElo "1335"]

1. e4 c5 2. c4 Nc6 3. Nc3 g6 4. g3 Bg7 5. Bg2 Nf6 6. Nge2 O-O 7. O-O d6 8. d3 Bd7
9. h3 Rb8 10. f4 a6 11. a4 Ne8 12. g4 Nc7 13. f5 b5 14. axb5 axb5 15. cxb5 Nxb5
16. Nxb5 Rxb5 17. Rb1 Rb8 18. Qc2 Nb4 19. Qd1 Bb5 20. Rf3 Qd7 21. Nc3 Bd4+ 22.
Kh1 Qc6 23. Nxb5 Rxb5 24. Be3 Bg7 25. g5 Rfb8 26. f6 exf6 27. gxf6 Bh8 28. d4
Na2 29. Qd2 Qxe4 30. Rff1 Qe6 31. Bg5 cxd4 32. Rbe1 Qc4 33. Qf4 Rxb2 34. Qxd6
Qb4 35. Qd7 Qf8 36. Qxd4 h6 37. Be3 R2b4 38. Qd3 g5 39. Bd5 Rd8 40. Qg6+ Bg7 41.
fxg7 Qxg7 42. Bxf7+ Kh8 43. Qxg7+ Kxg7 44. Bxa2 Rb2 45. Rf7+ Kg6 46. Ra7 Rc8 47.
Bb1+ Kh5 48. Ra6 Rc3 49. Kg1 Rcb3 50. Bg6+ Kh4 51. Bf2+ Rg3+ 52. Bxg3+ Kxg3 53.
Ra3+ 1-0

[Event "Druzynowe Mistrzostwa Polski Juniorow 2019 - II Liga"]
[Site "Szczyrk"]
[Date "1899-12-30"]
[Round "10.25"]
[White "Sanz, Wawer Daniel"]
[Black "Jarzebowski, Kacper"]
[Result "1/2-1/2"]
[WhiteTitle "k"]
[BlackTitle "k"]
[WhiteElo "2154"]
[BlackElo "1987"]

1. e4 d5 2. exd5 Qxd5 3. Nc3 Qd6 4. Bc4 Nf6 5. d4 a6 6. a4 Nbd7 7. Nf3 c5 8. O-O
e6 9. Qe2 cxd4 10. Rd1 Be7 11. Nxd4 Qe5 12. Be3 Qh5 13. Qxh5 Nxh5 14. a5 Nhf6
15. h3 Ne5 16. Be2 Bd7 17. f4 Nc6 18. Bf3 Nxd4 19. Bxd4 Bc6 20. Bxc6+ bxc6 21.
Na4 O-O-O 22. c3 Rhg8 23. Nc5 Bxc5 24. Bxc5 Rxd1+ 25. Rxd1 Rd8 26. Rxd8+ Kxd8
27. Bd4 Nd5 28. g3 g6 29. Kf2 Kd7 30. Bc5 h5 31. c4 Nf6 32. Ke3 Ne8 33. Kd4 Nd6
34. g4 hxg4 35. hxg4 f6 36. b4 Nf7 37. Ke4 f5+ 38. gxf5 exf5+ 39. Kd4 g5 40. fxg5
Nxg5 41. Ke5 Nf3+ 1/2-1/2

[Event "Druzynowe Mistrzostwa Polski Juniorow 2019 - II Liga"]
[Site "Szczyrk"]
[Date "1899-12-30"]
[Round "10.26"]
[White "Bujalski, Mateusz"]
[Black "Golecki, Jan"]
[Result "0-1"]
[WhiteTitle "I"]
[BlackTitle "I++"]
[WhiteElo "1734"]
[BlackElo "1947"]

1. e4 e5 2. Nf3 d6 3. Bc4 Be7 4. O-O Nf6 5. Nc3 c6 6. d3 Bg4 7. h3 Bh5 8. Qe2 Nbd7
9. Be3 Nf8 10. Nb1 Ne6 11. Nbd2 O-O 12. Bxe6 fxe6 13. d4 d5 14. dxe5 Nxe4 15.
g4 Nxd2 16. Bxd2 Bg6 17. Nd4 Qd7 18. f4 Be4 19. Be3 c5 20. Qb5 Qc8 21. Nf3 d4
22. Bd2 Bxc2 23. Rac1 Be4 24. Nxd4 Qd8 25. Nb3 Bd3 26. Qxb7 Bxf1 27. Kxf1 c4 28.
Ba5 Qd3+ 29. Ke1 Bh4# 0-1

[Event "Druzynowe Mistrzostwa Polski Juniorow 2019 - II Liga"]
[Site "Szczyrk"]
[Date "1899-12-30"]
[Round "10.27"]
[White "Mulawa, Cyprian"]
[Black "Zdybel, Przemyslaw"]
[Result "1/2-1/2"]
[WhiteTitle "II+"]
[BlackTitle "I"]
[WhiteElo "1454"]
[BlackElo "1710"]

1. e4 c5 2. Nf3 d6 3. d4 cxd4 4. Qxd4 a6 5. c4 Nc6 6. Qe3 g6 7. Be2 Bg7 8. O-O
Nf6 9. h3 O-O 10. Rd1 Nd7 11. Nc3 Nc5 12. Rb1 a5 13. b3 f5 14. Bb2 fxe4 15. Ng5
Bh6 16. h4 Bf5 17. g4 Bd7 18. Ncxe4 Nxe4 19. Qxe4 Bxg5 20. hxg5 Qb6 21. Bd4 Nxd4
22. Qxd4 Qxd4 23. Rxd4 Bc6 24. Bf1 Rf7 25. Bg2 Raf8 26. Bxc6 bxc6 27. Rf1 Rf4
28. Rxf4 Rxf4 29. f3 e5 30. Kg2 e4 31. fxe4 Rxe4 32. Kg3 Rd4 33. Rf6 Kg7 34. c5
dxc5 35. Rxc6 Rd2 36. Rxc5 Rxa2 37. Kf4 Rb2 38. Rxa5 Rxb3 39. Ra7+ Kg8 1/2-1/2